000 00561nam a22001937a 4500
999 _c159732
_d159732
005 20190103143044.0
010 _aENG-124627
020 _a9789380847382
_c495.00
035 _aEN-108159
037 _bDBAD/PUB
082 _a153.69
100 _aKiran A.
245 _aHandbook of body language/
_cby A. Kiran
260 _c2017
_aNew Delhi
_bAnurag Prakashan
270 _a23, Ansari Road, Daryaganj,
_bNew Delhi
_e110002
300 _c21cm(Hb)
_a200p.
500 _aIt includes bibliography and index
942 _cEN
_2ddc
_mKIR
_h153.69